<?xml version="1.0" encoding="UTF-8"?>
<record
    xmlns:xsi="http://www.w3.org/2001/XMLSchema-instance"
    xsi:schemaLocation="http://www.loc.gov/MARC21/slim http://www.loc.gov/standards/marcxml/schema/MARC21slim.xsd"
    xmlns="http://www.loc.gov/MARC21/slim">

  <leader>03811nam a2200349 a 4500</leader>
  <controlfield tag="005">20240305165431.0</controlfield>
  <controlfield tag="007">cr||||   |||| </controlfield>
  <controlfield tag="008">150326s2015    spc      b    000 0 spa c</controlfield>
  <datafield tag="017" ind1=" " ind2=" ">
    <subfield code="a">DL B. 3918-2015</subfield>
    <subfield code="b">Biblioteca de Catalunya</subfield>
  </datafield>
  <datafield tag="020" ind1=" " ind2=" ">
    <subfield code="a">9788494302343     </subfield>
  </datafield>
  <datafield tag="035" ind1=" " ind2=" ">
    <subfield code="a">12731</subfield>
  </datafield>
  <datafield tag="040" ind1=" " ind2=" ">
    <subfield code="a">vLex</subfield>
  </datafield>
  <datafield tag="080" ind1=" " ind2=" ">
    <subfield code="a">343.91-053.6(460)</subfield>
  </datafield>
  <datafield tag="090" ind1=" " ind2=" ">
    <subfield code="c">5468</subfield>
    <subfield code="d">5468</subfield>
  </datafield>
  <datafield tag="100" ind1="1" ind2=" ">
    <subfield code="a">Mart&#xED;nez Mora, Gema</subfield>
  </datafield>
  <datafield tag="245" ind1="1" ind2="0">
    <subfield code="a">Alternativas jur&#xED;dicas al tratamiento penal de la delincuencia habitual </subfield>
    <subfield code="h">[Recurso electr&#xF3;nico] /</subfield>
    <subfield code="c">Gema Mart&#xED;nez Mora</subfield>
  </datafield>
  <datafield tag="256" ind1=" " ind2=" ">
    <subfield code="a">Servicio en l&#xED;nea</subfield>
  </datafield>
  <datafield tag="260" ind1=" " ind2=" ">
    <subfield code="a">Barcelona :</subfield>
    <subfield code="b">J. M. Bosch,</subfield>
    <subfield code="c">2015</subfield>
  </datafield>
  <datafield tag="300" ind1=" " ind2=" ">
    <subfield code="a">1 recurso electr&#xF3;nico</subfield>
  </datafield>
  <datafield tag="500" ind1=" " ind2=" ">
    <subfield code="a">El tratamiento del delincuente peligroso ha sido sin lugar a dudas uno de los mayores quebraderos de cabeza de la pol&#xED;tica criminal de los Estados, hall&#xE1;ndose desde largo tiempo atr&#xE1;s inmersos en una b&#xFA;squeda incesante de soluciones legislativas &#xF3;ptimas para responder al problema del peligro de la reiteraci&#xF3;n delictiva y de soluciones que deben conjugar dos requisitos de inexcusable cumplimento: de un lado, garantizar la paz social y los derechos fundamentales de los ciudadanos, evitando los riesgos derivados de la reiteraci&#xF3;n delictiva del delincuente una vez cumplida condena y de otro lado la obediencia al mandato constitucional previsto en el art&#xED;culo 25.2 de la Constituci&#xF3;n, orientando las penas privativas de libertad y las medidas de seguridad a la reinserci&#xF3;n y la rehabilitaci&#xF3;n social del delincuente;  No obstante, es una realidad que no todas las penas privativas de libertad, con independencia de su duraci&#xF3;n, finalmente pueden responder a tal exigencia de reeducaci&#xF3;n y reinserci&#xF3;n social, prevista en el mencionado art&#xED;culo de la Constituci&#xF3;n.  En el presente libro se aborda las alternativas jur&#xED;dicas al tratamiento penal de la delincuencia habitual, analizando las actuales respuestas ofrecidas por el ordenamiento jur&#xED;dico frente al problema de la delincuencia habitual: Las medidas de seguridad postdelictuales, centrando el estudio en la libertad vigilada y la necesidad de desarrollo legal en mejoras t&#xE9;cnicas para su efectiva aplicaci&#xF3;n, as&#xED; como las respuestas ofrecidas por el derecho comparado y por &#xFA;ltimo la posible implantaci&#xF3;n en nuestro ordenamiento jur&#xED;dico de la figura de la prisi&#xF3;n permanente revisable, acorde a los principios constitucionales es decir, imponer la pena de prisi&#xF3;n permanente para su cumplimiento efectivo e &#xED;ntegro, aunque revisable, cada cierto tiempo atendiendo a la situaci&#xF3;n del recluso y su peligrosidad, y en caso de ofrecer un pron&#xF3;stico favorable de reinserci&#xF3;n, concretar la pena a una duraci&#xF3;n determinada, sin perjuicio de la aplicaci&#xF3;n de los beneficios penitenciarios de los que sea merecedor durante el tiempo de duraci&#xF3;n de la condena. &#xBF;Conculcar&#xED;a esta opci&#xF3;n los fines resocializadores previstos en el art&#xED;culo 25.2 de la C.E, seg&#xFA;n los presupuestos de su leg&#xED;tima imposici&#xF3;n en un Estado de Derecho?</subfield>
  </datafield>
  <datafield tag="504" ind1=" " ind2=" ">
    <subfield code="a">Bibliografia: p. [229]-241</subfield>
  </datafield>
  <datafield tag="506" ind1="0" ind2="4">
    <subfield code="a">Contenido disponible en los productos indicados</subfield>
    <subfield code="d">vLex Global</subfield>
    <subfield code="d">vLex Global (Academic Edition, excluding Law Schools)</subfield>
    <subfield code="d">vLex Global (U.S. Academic Edition, Law Schools)</subfield>
    <subfield code="d">vLex Global (U.S. Academic Edition, excluding Law Schools)</subfield>
    <subfield code="d">vLex Global (Academic Edition, Law Schools)</subfield>
  </datafield>
  <datafield tag="650" ind1="0" ind2="4">
    <subfield code="a">Encarcelamiento</subfield>
    <subfield code="z">Espa&#xF1;a</subfield>
  </datafield>
  <datafield tag="650" ind1="0" ind2="4">
    <subfield code="a">Derecho penitenciario</subfield>
    <subfield code="x">Legislaci&#xF3;n</subfield>
    <subfield code="z">Espa&#xF1;a</subfield>
  </datafield>
  <datafield tag="650" ind1="0" ind2="4">
    <subfield code="a">Derecho penal</subfield>
    <subfield code="z">Espa&#xF1;a</subfield>
  </datafield>
  <datafield tag="650" ind1="0" ind2="4">
    <subfield code="a">Encarcelamiento</subfield>
    <subfield code="x">Alternativas</subfield>
    <subfield code="z">Espa&#xF1;a</subfield>
  </datafield>
  <datafield tag="650" ind1="0" ind2="4">
    <subfield code="a">Libertad vigilada</subfield>
    <subfield code="z">Espa&#xF1;a</subfield>
  </datafield>
  <datafield tag="650" ind1="0" ind2="4">
    <subfield code="a">Delincuentes</subfield>
    <subfield code="x">Rehabilitaci&#xF3;n</subfield>
    <subfield code="z">Espa&#xF1;a</subfield>
  </datafield>
  <datafield tag="740" ind1="0" ind2=" ">
    <subfield code="a">vLex Libros (Servicio en l&#xED;nea)</subfield>
  </datafield>
  <datafield tag="856" ind1="4" ind2="0">
    <subfield code="u">https://app.vlex.com/#/sources/alternativas-juridicas-al-tratamiento-penal-de-la-delincuencia-habitual-12731</subfield>
  </datafield>
  <datafield tag="942" ind1=" " ind2=" ">
    <subfield code="c">RAA</subfield>
  </datafield>
  <datafield tag="952" ind1=" " ind2=" ">
    <subfield code="0">0</subfield>
    <subfield code="1">0</subfield>
    <subfield code="4">0</subfield>
    <subfield code="7">0</subfield>
    <subfield code="8">VLEX</subfield>
    <subfield code="9">321800</subfield>
    <subfield code="a">BD-UIN</subfield>
    <subfield code="b">BD-UIN</subfield>
    <subfield code="d">2024-03-05</subfield>
    <subfield code="l">0</subfield>
    <subfield code="p">12731</subfield>
    <subfield code="r">2024-03-05</subfield>
    <subfield code="w">2024-03-05</subfield>
    <subfield code="y">RAA</subfield>
  </datafield>
  <datafield tag="999" ind1=" " ind2=" ">
    <subfield code="c">163809</subfield>
    <subfield code="d">163809</subfield>
  </datafield>
</record>
